Laplace's Angel (Hurt People? Hurt People!) - Will Wood Lyrics - Statistics

General Stats
  • This quiz has been taken 9 times
    6 since last reset
  • The average score is 325 of 534
Answer Stats
Lyrics % Correct
a
100%
A
100%
Am
100%
am
100%
an
100%
And
100%
and
100%
(And
100%
bad,
100%
bad?
100%
I
100%
in
100%
you
100%
You,
100%
(You
100%
You
100%
you,
100%
your
100%
9-1-1
75%
at
75%
blood
75%
chemicals)
75%
died
75%
do!
75%
do
75%
earned
75%
ever
75%
fate?
75%
fate
75%
felt
75%
hadn't
75%
Have
75%
inseparable)
75%
like
75%
look
75%
me?
75%
me
75%
me!
75%
my
75%
nightmare?
75%
no
75%
Now
75%
now
75%
now)
75%
Oh,
75%
oh,
75%
Ooh,
75%
ooh,
75%
out
75%
picking
75%
really
75%
still
75%
(Still
75%
sun
75%
surprised
75%
take
75%
that
75%
the
75%
The
75%
up
75%
vampire
75%
Woke
75%
you're
75%
after
50%
agnostic
50%
all
50%
all)
50%
Atlas,
50%
away?
50%
axis
50%
back
50%
But
50%
but
50%
can
50%
cannibals,)
50%
collapsed
50%
Could
50%
could
50%
damn
50%
diagnostic
50%
dial
50%
dies
50%
don't
50%
Everyone's
50%
(Eye
50%
eye
50%
flowers
50%
for
50%
from
50%
(From
50%
hell,
50%
hordes
50%
hospitals)
50%
ice
50%
If
50%
if
50%
Is
50%
(is
50%
it
50%
It
50%
its
50%
(It's
50%
it's
50%
just
50%
La
50%
la
50%
la,
50%
nobody
50%
norm
50%
not
50%
of
50%
on
50%
particles)
50%
planet
50%
posited
50%
Run
50%
same
50%
shoe
50%
shoes
50%
singing
50%
singing,
50%
small
50%
tests,
50%
think
50%
threw
50%
to
50%
(To
50%
tooth)
50%
tray
50%
walk
50%
wards
50%
we
50%
wear
50%
we're
50%
were
50%
We're
50%
Whatever
50%
whatever
50%
who
50%
with
50%
would
50%
You'd
50%
angel's
25%
animal)
25%
animals)
25%
ants
25%
(Any
25%
are
25%
as
25%
Ask
25%
been
25%
bell
25%
break
25%
call)
25%
can't
25%
closet
25%
clouds,
25%
coincidence"
25%
cultural)
25%
curve
25%
Devil's
25%
difference
25%
doesn't
25%
door
25%
enough
25%
"everything's
25%
evidence
25%
evil
25%
fall)
25%
fall
25%
fits,
25%
flood
25%
floor
25%
fold
25%
foot,
25%
form
25%
forsaken
25%
free
25%
get
25%
God!)
25%
got
25%
ground
25%
hands
25%
head
25%
help
25%
here
25%
ignore
25%
innocence,
25%
kill
25%
killer
25%
little
25%
love
25%
made
25%
(Man
25%
mechanical,)
25%
mile?
25%
miles
25%
moral
25%
more
25%
much
25%
murder
25%
natural!)
25%
Neatly
25%
need
25%
ones
25%
only
25%
other
25%
psych
25%
put
25%
reason
25%
receive
25%
right!
25%
row
25%
second
25%
see
25%
should
25%
shoulders
25%
shut
25%
silent
25%
size
25%
skeletons,
25%
so
25%
So
25%
(Somebody
25%
takes
25%
than
25%
(thank
25%
those
25%
tolls
25%
tone
25%
tuning
25%
twixt
25%
until
25%
wash
25%
We've
25%
where
25%
whether
25%
whom
25%
will
25%
Woo!)
25%
world,
25%
(Yes,
25%
you've
25%
No matching quizzes found
Score Distribution
Percent of People with Each Score
Percentile by Number Answered
Your Score History
You have not taken this quiz since the last reset